000 00345nam a2200133Ia 4500
008 230901s2013 xx 000 0 und d
041 _aeng
082 _a171
100 _aVATI,JOGINDAR
245 _aNURSING MANAGMENT & ADMINISTRATION BSC,MSC NURSING
260 _bJAYPEE BROTHERS
_c2013
300 _a680
650 _aNURSING ADMINISTRATION
999 _c870401
_d870401